Sustainable forest management and development in Peninsular Malaysia PD 185/91 rev. 2(F); phase 1 : Final report

Bibliographic Details
Corporate Authors: MALAYSIA, International Tropical Timber Organization (ITTO)
Format: Book
Published: Kuala Lumpur : Forestry Department Peninsular Malaysia , 1998
Subjects:

MARC

LEADER 00000cam a2200000 7i4500
001 0000001280
005 20040326.0
090 0 0 |a JPSM 333.75   |b MAL 1998 
110 1 0 |a MALAYSIA   |c Forestry Department Peninsular Malaysia 
245 1 0 |a Sustainable forest management and development in Peninsular Malaysia PD 185/91 rev. 2(F); phase 1 :   |b Final report 
260 0 0 |a Kuala Lumpur :   |b Forestry Department Peninsular Malaysia ,   |c 1998 
300 |a Unnumbered :   |b col. ill. ;   |c 30 cm. 
500 0 0 |a Malaysia-ITTO Project 
650 0 0 |a Forests and forestry   |z Peninsular Malaysia 
650 0 0 |a Sustainable forestry   |z Peninsular Malaysia 
710 1 1 |a International Tropical Timber Organization (ITTO) 
998 |a JPSM 
999 |a 0000002231   |b Monograph   |c Open Shelf   |e Default branch 
999 |a 0000002715   |b Monograph   |c Open Shelf   |e Default branch 
999 |a 0000002887   |b Monograph   |c Open Shelf   |e Default branch 
999 |a 0000002888   |b Monograph   |c Open Shelf   |e Default branch 
999 |a 0000003244   |b Monograph   |c Open Shelf   |e Default branch